000 00443nam a22001337a 4500
999 _c30799
_d30799
008 201007b ||||| |||| 00| 0 eng d
020 _a07167229884
050 _aRC 514 .V47 1992
100 _aVestre, Norris
245 _aStudent Study Guide to Accompany Comer Abnormal Psychology
260 _aNew York:
_bW.H Freeman and Company,
_c1992.
300 _avii 207p. :
_bill. ;
_c28cm.
942 _2lcc
_cBOOKS
_hRC 514 .V47 1992